U.S. First Ladies - Sudden Death - Statistics

General Stats
  • This quiz has been taken 379 times
  • The average score is 11 of 15
Answers on the Grid
Answers color-coded by a green-red scale on the quiz's grid according to % correct below.
Abigail Fillmore
Anna Harrison
Anne Boleyn
Edith Roosevelt
Eleanor Roosevelt
Happy Rockefeller
Hillary Clinton
Ida McKinley
Ivana Trump
Jacqueline Kennedy
Jane Wyman
Jill Biden
Julia Gillard
Julia Grant
Kamala Harris
Letitia Tyler
Lynne Cheney
Madonna
Margaret Thatcher
Martha Jefferson
Martha Washington
Melania Trump
Michelle Obama
Nancy Pelosi
Patsy Mink
Sarah Palin
Sarah Polk
Stormy Daniels
Theresa May
Tipper Gore
 
Answer Stats
Answer % Correct
Eleanor Roosevelt
90%
Hillary Clinton
87%
Jacqueline Kennedy
81%
Michelle Obama
77%
Melania Trump
75%
Jill Biden
73%
Ida McKinley
67%
Martha Washington
67%
Abigail Fillmore
65%
Anna Harrison
65%
Martha Jefferson
65%
Edith Roosevelt
64%
Julia Grant
63%
Letitia Tyler
58%
Sarah Polk
57%
No matching quizzes found
Score Distribution
Percent of People with Each Score
Percentile by Number Answered
Your Score History
You have not taken this quiz